| 000 | 00347nam a22001577a 4500 | ||
|---|---|---|---|
| 005 | 20160916095625.0 | ||
| 008 | 160916b xxu||||| |||| 00| 0 eng d | ||
| 020 | _a978-1-25-902899-1 | ||
| 041 | _aeng | ||
| 100 |
_aDuggal,S.K _93553 |
||
| 245 | _aSurveying | ||
| 260 |
_bTMH _c2015 |
||
| 300 | _a617 | ||
| 650 |
_aEngineering _93554 |
||
| 942 | _cBK | ||
| 999 |
_c5243 _d5241 |
||